Compendio de artículos técnicos del ciclo sobre el marco teórico conceptual

Đã lưu trong:
Chi tiết về thư mục
Tác giả của công ty: ICAP
Định dạng: Texto
Được phát hành: San José: ICAP
Các nhãn: Thêm thẻ
Không có thẻ, Là người đầu tiên thẻ bản ghi này!

MARC

LEADER 00000 a a2200000 04500
001 25530
003
040
090 |a 153802  
110 |a ICAP  
245 |a Compendio de artículos técnicos del ciclo sobre el marco teórico conceptual  
260 |a San José:   |b ICAP  
300 |a p. irreg; vol. I  
999 |c 858  |d 858